000 00530nam a22001817a 4500
999 _c174560
_d174560
005 20200623111825.0
010 _aB-159489
020 _a9788176295987
_c990.00
035 _aB-159489
037 _bLending
082 _a658.4012
100 _aSarkar,A.N.
245 _aStrategic Business Management And Banking /
_cA.N. Sarkar
260 _aNew Delhi
_bDeep & Deep Publications
_c2005
270 _aF-159 Raouri Garden
_bNew Delhi
_e110027
300 _a364p.
_c25cm(Hb)
942 _2ddc
_cEN
_h658.4012
_mSAR